Countries Currently at War - Statistics

General Stats
  • This quiz has been taken 64 times
  • The average score is 5 of 7
Answer Stats
Hint Answer % Correct
Europe Russia
100%
Europe Ukraine
100%
Asia Afghanistan
72%
Asia Yemen
64%
Asia Israel
57%
Asia Myanmar
57%
Africa Ethiopia
40%
No matching quizzes found
Score Distribution
Percent of People with Each Score
Percentile by Number Answered
Your Score History
You have not taken this quiz